[Event "SLO-chT1 East"]
[Site "Slovenia"]
[Date "2016.11.26"]
[Round "8"]
[White "Bender, Ivan"]
[Black "Pesec, Franc"]
[Result "0-1"]
[WhiteElo "2164"]
[BlackElo "2111"]
[PlyCount "166"]
[EventDate "2016.09.23"]
[EventType "team-tourn"]
[EventRounds "9"]
[EventCountry "SLO"]
[SourceTitle "EXT 2019"]
[Source "ChessBase"]
[SourceDate "2018.10.10"]
[SourceVersion "1"]
[SourceVersionDate "2018.10.10"]
[SourceQuality "1"]
[WhiteTeam "Zagorje ob Savi"]
[BlackTeam "Celjski"]
[WhiteTeamCountry "SLO"]
[BlackTeamCountry "SLO"]

1. Nf3 Nf6 2. c4 g6 3. g3 Bg7 4. Bg2 d6 5. 0-0 e5 6. Nc3 Nc6 7. Rb1 0-0 8. b4 a5 9. b5 Nd4 10. Ne1 Rb8 11. e3 Nf5 12. Nc2 Be6 13. d3 Ne7 14. Ba3 b6 15. h3 Nd7 16. Nd5 f5 17. Kh2 Nf6 18. e4 Nd7 19. Nxe7+ Qxe7 20. exf5 gxf5 21. Ne3 Nf6 22. f4 exf4 23. Rxf4 Nd7 24. Bd5 Kh8 25. Bb2 Ne5 26. Bxe6 Qxe6 27. Nd5 Rf7 28. Qf1 Re8 29. Bc3 Ref8 30. Re1 Qh6 31. Rh4 Qg5 32. Qe2 Ng6 33. Rh5 Qd8 34. Rxh7+ Kxh7 35. Qh5+ Bh6 36. Bd2 f4 37. gxf4 Rf5 38. Qg4 Rxd5 39. cxd5 Bxf4+ 40. Bxf4 Rxf4 41. Qh5+ Kg7 42. Re6 Rf6 43. Re2 Qd7 44. Qg5 Qf5 45. Re7+ Kf8 46. Qxf5 Rxf5 47. Rxc7 Rxd5 48. Rc6 Rxd3 49. Rxb6 Ke7 50. Rb7+ Ke6 51. Rg7 Nf4 52. h4 Rh3+ 53. Kg1 Rxh4 54. Ra7 Ne2+ 55. Kf1 Nc3 56. b6 Rb4 57. Rxa5 Rxb6 58. Ke1 Rb2 59. a3 d5 60. Ra8 Ra2 61. Re8+ Kd6 62. Rc8 Rxa3 63. Kd2 Ne4+ 64. Kc2 Ke5 65. Rb8 Rc3+ 66. Kd1 Kd4 67. Rh8 Ra3 68. Rh2 Rg3 69. Ra2 Kd3 70. Ra3+ Nc3+ 71. Ke1 Re3+ 72. Kf2 Re8 73. Ra7 d4 74. Rd7 Nd1+ 75. Kf1 Ne3+ 76. Kf2 Rf8+ 77. Kg3 Rf5 78. Ra7 Kd2 79. Ra2+ Nc2 80. Kg4 Rf8 81. Ra7 d3 82. Rd7 Ne3+ 83. Kg3 Ke2 0-1

[Event "SLO-chT1 East"]
[Site "Celje"]
[Date "2014.10.19"]
[Round "9"]
[White "Pesec, Franc"]
[Black "Kodric, Tilen"]
[Result "1-0"]
[WhiteElo "2131"]
[BlackElo "1706"]
[PlyCount "55"]
[EventDate "2014.10.09"]
[EventType "team-tourn"]
[EventRounds "9"]
[EventCountry "SLO"]
[SourceTitle "EXT 2019"]
[Source "ChessBase"]
[SourceDate "2018.10.10"]
[SourceVersion "1"]
[SourceVersionDate "2018.10.10"]
[SourceQuality "1"]
[WhiteTeam "Celje"]
[BlackTeam "Maribor ZSK II"]
[WhiteTeamCountry "SLO"]
[BlackTeamCountry "SLO"]

1. e4 d6 2. d4 Nf6 3. Nc3 e5 4. dxe5 dxe5 5. Qxd8+ Kxd8 6. Bg5 Be6 7. 0-0-0+ Nbd7 8. f4 exf4 9. Nf3 Kc8 10. Bxf4 Nh5 11. Be3 Bd6 12. g3 Bg4 13. Be2 Nhf6 14. h3 Bxf3 15. Bxf3 Bxg3 16. Rhg1 Be5 17. Rxg7 Nxe4 18. Rxf7 Nd6 19. Rxd6 cxd6 20. Bg4 Rd8 21. Nd5 h5 22. Bf5 Kb8 23. Bxd7 Rg8 24. Bf5 a5 25. Nb6 Ra6 26. Be4 d5 27. Bxd5 Bc7 28. Rxc7 1-0

[Event "SLO-chT1 East"]
[Site "Sentjur"]
[Date "2013.10.18"]
[Round "2"]
[White "Pesec, Franc"]
[Black "Drnovsek, Nejc"]
[Result "0-1"]
[WhiteElo "2148"]
[BlackElo "2125"]
[PlyCount "58"]
[EventDate "2013.10.17"]
[EventType "team-tourn"]
[EventRounds "9"]
[EventCountry "SLO"]
[SourceTitle "EXT 2015"]
[Source "ChessBase"]
[SourceDate "2014.11.20"]
[SourceVersion "1"]
[SourceVersionDate "2014.11.20"]
[SourceQuality "1"]

1. e4 e5 2. Nf3 Nc6 3. Bb5 a6 4. Ba4 Nf6 5. 0-0 b5 6. Bb3 Bc5 7. c3 d6 8. d4 Bb6 9. h3 0-0 10. Re1 h6 11. Be3 Re8 12. Nbd2 Bb7 13. d5 Ne7 14. Bxb6 cxb6 15. Nh4 g5 16. Qf3 Kg7 17. Nf5+ Nxf5 18. Qxf5 Nh5 19. Qf3 Nf4 20. Nf1 Bc8 21. Ng3 Kh8 22. Nh5 Rg8 23. Nxf4 gxf4 24. Qh5 Qf6 25. Kf1 Rg5 26. Qf3 Qg6 27. Kg1 Bd7 28. Kh2 Rg8 29. Rg1 Bxh3 0-1

[Event "Sentjur Ipavec Memorial 11th"]
[Site "Sentjur"]
[Date "2010.09.22"]
[Round "8"]
[White "Skuhala, Jernej"]
[Black "Pesec, Franc"]
[Result "1/2-1/2"]
[WhiteElo "1747"]
[BlackElo "2150"]
[PlyCount "139"]
[EventDate "2010.09.17"]
[EventType "swiss"]
[EventRounds "9"]
[EventCountry "SLO"]
[SourceTitle "CBM 138 Extra"]
[Source "ChessBase"]
[SourceDate "2010.10.29"]
[SourceVersion "1"]
[SourceVersionDate "2010.10.29"]
[SourceQuality "1"]

1. e4 c5 2. Nf3 a6 3. Nc3 Nc6 4. d4 cxd4 5. Nxd4 e5 6. Nb3 Nf6 7. f3 Bb4 8. Bd2 0-0 9. Bc4 Rb8 10. a3 Be7 11. Qe2 b5 12. Bd3 d6 13. Nd5 Be6 14. Nxf6+ Bxf6 15. Bc3 Qb6 16. Qf2 Bd8 17. Qxb6 Bxb6 18. Nd2 Rfc8 19. Ke2 Bd4 20. Bxd4 Nxd4+ 21. Kd1 a5 22. c3 Nc6 23. b4 Rc7 24. Ke2 Ra7 25. g4 Kf8 26. h4 Ke7 27. h5 h6 28. Rhb1 Kd7 29. Rc1 Kc7 30. Nf1 Kb6 31. Ne3 axb4 32. axb4 Rba8 33. Nc2 Ra2 34. Rxa2 Rxa2 35. Ra1 Rxa1 36. Nxa1 Ne7 37. Nc2 d5 38. Kf2 Bd7 39. Kg3 Bc6 40. Ne3 f6 41. exd5 Nxd5 42. Nxd5+ Bxd5 43. Be4 Bc4 44. Kf2 Kc7 45. Ke3 Kd6 46. Bg6 Bd5 47. Be4 Be6 48. Bc2 Bf7 49. Bd3 Kc6 50. f4 Bd5 51. Be4 Kd6 52. Bd3 Bc6 53. f5 Kd5 54. Be4+ Kd6 55. Bd3 Kc7 56. Bc2 Bd5 57. Bd3 Kc6 58. Bc2 Bc4 59. Be4+ Kd6 60. Bc2 Bf1 61. Be4 Bc4 62. Bc2 Kc7 63. Be4 Bb3 64. Bd3 Kc6 65. Be4+ Kb6 66. Bf3 Bc2 67. Kd2 Bb1 68. Kc1 Ba2 69. Kd2 Bc4 70. Ke3 1/2-1/2

[Event "Sentjur Ipavec Memorial 11th"]
[Site "Sentjur"]
[Date "2010.09.20"]
[Round "6"]
[White "Jeran, Bostjan"]
[Black "Pesec, Franc"]
[Result "1-0"]
[WhiteElo "2243"]
[BlackElo "2150"]
[PlyCount "65"]
[EventDate "2010.09.17"]
[EventType "swiss"]
[EventRounds "9"]
[EventCountry "SLO"]
[SourceTitle "CBM 138 Extra"]
[Source "ChessBase"]
[SourceDate "2010.10.29"]
[SourceVersion "1"]
[SourceVersionDate "2010.10.29"]
[SourceQuality "1"]

1. e4 e5 2. Nf3 Nc6 3. Bb5 a6 4. Ba4 Nf6 5. 0-0 Be7 6. Re1 b5 7. Bb3 d6 8. c3 0-0 9. h3 Na5 10. Bc2 c5 11. d4 Qc7 12. Nbd2 Re8 13. Nf1 Rb8 14. b3 b4 15. cxb4 cxb4 16. Bb2 Nc6 17. Rc1 Bf8 18. Ne3 Qb7 19. Nd5 Nd7 20. Bd3 exd4 21. Nxd4 Nc5 22. Bb1 Be6 23. Nxc6 Qxc6 24. Qh5 f6 25. Bxf6 Bf7 26. Qg4 Qc8 27. Qg3 Qe6 28. Bd4 Rb7 29. Nf6+ Kh8 30. Nxe8 Qxe8 31. e5 Re7 32. f4 Re6 33. f5 1-0

[Event "Sentjur Ipavec Memorial 11th"]
[Site "Sentjur"]
[Date "2010.09.19"]
[Round "5"]
[White "Pesec, Franc"]
[Black "Pirs, Matjaz"]
[Result "1/2-1/2"]
[WhiteElo "2150"]
[BlackElo "1934"]
[PlyCount "86"]
[EventDate "2010.09.17"]
[EventType "swiss"]
[EventRounds "9"]
[EventCountry "SLO"]
[SourceTitle "CBM 138 Extra"]
[Source "ChessBase"]
[SourceDate "2010.10.29"]
[SourceVersion "1"]
[SourceVersionDate "2010.10.29"]
[SourceQuality "1"]

1. e4 d5 2. exd5 Nf6 3. d4 Nxd5 4. c4 Nb6 5. Nc3 e5 6. dxe5 Qxd1+ 7. Nxd1 Nc6 8. f4 Be6 9. b3 Bb4+ 10. Bd2 0-0-0 11. Bxb4 Nxb4 12. Ne3 Rd4 13. Kf2 Rxf4+ 14. Nf3 Re4 15. Be2 Rxe3 16. Kxe3 Nc2+ 17. Ke4 Nxa1 18. Rxa1 Nd7 19. Kf4 Nf8 20. Bd3 h6 21. h4 Bd7 22. Bf5 g6 23. Bxd7+ Kxd7 24. Rd1+ Ke7 25. Rd5 Ne6+ 26. Ke4 Rd8 27. b4 c6 28. Rxd8 Kxd8 29. Nd2 Kd7 30. Nb3 b6 31. a4 a6 32. g3 Nc7 33. a5 bxa5 34. Nc5+ Ke7 35. bxa5 Ke8 36. g4 Ke7 37. h5 g5 38. Kf5 Kf8 39. Nd7+ Ke7 40. Nb8 c5 41. Nc6+ Kf8 42. Nb8 Ke7 43. Nc6+ Kf8 1/2-1/2

[Event "Sentjur Ipavec Memorial 10th"]
[Site "Sentjur"]
[Date "2009.09.??"]
[Round "8"]
[White "Pesec, Franc"]
[Black "Brinovec, David"]
[Result "1-0"]
[WhiteElo "2147"]
[BlackElo "1500"]
[PlyCount "77"]
[EventDate "2009.09.??"]
[EventType "swiss"]
[EventRounds "9"]
[EventCountry "SLO"]
[SourceTitle "CBM 132 Extra"]
[Source "ChessBase"]
[SourceDate "2009.11.03"]
[SourceVersion "1"]
[SourceVersionDate "2009.11.03"]
[SourceQuality "1"]

1. e4 d5 2. exd5 Qxd5 3. Nc3 Qa5 4. Bc4 Nf6 5. h3 Bf5 6. Nf3 e6 7. Nd4 Bg6 8. 0-0 Qc5 9. Bb5+ c6 10. Nb3 Qb6 11. Bc4 Bd6 12. d4 0-0 13. Qe2 a5 14. a4 h6 15. Be3 Qc7 16. Qd2 Nbd7 17. Rae1 Nb6 18. Bd3 Bxd3 19. Qxd3 Nfd5 20. Bd2 Nxc3 21. bxc3 Nxa4 22. c4 Rfb8 23. c5 Be7 24. Ra1 b5 25. cxb6 Nxb6 26. Rxa5 Nd5 27. Rfa1 Rxa5 28. Rxa5 Bb4 29. Ra6 Qb7 30. Ra4 Qb5 31. Qg3 Bxd2 32. Nxd2 Rd8 33. Rc4 Qb2 34. Nb3 Qb1+ 35. Kh2 Qa2 36. Rxc6 Nb4 37. Rc4 Nxc2 38. Qc7 Rf8 39. Nc1 1-0

[Event "Sentjur Ipavec Memorial 10th"]
[Site "Sentjur"]
[Date "2009.09.??"]
[Round "9"]
[White "Urbanc, Suzana"]
[Black "Pesec, Franc"]
[Result "0-1"]
[WhiteElo "1685"]
[BlackElo "2147"]
[PlyCount "58"]
[EventDate "2009.09.??"]
[EventType "swiss"]
[EventRounds "9"]
[EventCountry "SLO"]
[SourceTitle "CBM 132 Extra"]
[Source "ChessBase"]
[SourceDate "2009.11.03"]
[SourceVersion "1"]
[SourceVersionDate "2009.11.03"]
[SourceQuality "1"]

1. e4 e5 2. f4 exf4 3. Nf3 g5 4. Bc4 Bg7 5. h4 h6 6. hxg5 hxg5 7. Rxh8 Bxh8 8. d4 c6 9. Nc3 b5 10. Bxf7+ Kxf7 11. Ne5+ Bxe5 12. Qh5+ Kf8 13. dxe5 Qe7 14. g3 b4 15. Ne2 Qxe5 16. Bxf4 Qf6 17. Bxg5 Qxb2 18. Bh6+ Nxh6 19. Qxh6+ Qg7 20. Qd6+ Ke8 21. 0-0-0 Qe7 22. Qf4 Kd8 23. Nd4 d6 24. Nxc6+ Nxc6 25. Rxd6+ Bd7 26. Qd2 Kc7 27. Rg6 Qxe4 28. Rg7 Qd4 29. Rxd7+ Kxd7 0-1